| 000 | 01534cam a22003974i 4500 | ||
|---|---|---|---|
| 003 | PE-LiUPU | ||
| 005 | 20250731173210.0 | ||
| 008 | 150625s r 000 0 d | ||
| 035 | _a(Sirsi) a32000 | ||
| 040 |
_aPE-LiUPU _bspa _cPE-LiUPU _erda |
||
| 082 | 0 | 4 |
_a220.669 _bA49 _221 |
| 100 | 1 |
_aAmengual Batle, J., _eautor. |
|
| 245 | 1 | 0 | _aTemas Biblicos en la Historia. |
| 264 | 1 |
_aBilbao : _bEdiciones Mensajero, _c1973. |
|
| 300 |
_a269 páginas ; _c22 cm. |
||
| 336 |
_atext _2rdacontent |
||
| 337 |
_aunmediated _2rdamedia |
||
| 338 |
_avolume _2rdacarrier |
||
| 505 | 0 | _aLa nube en el monte del Sinai. -La exegesis de Jn. 6, 44-45, en el periodo de las controversias pelagiana y semipelagiana. -El Delibero arbitrio de Erasmo. Estudio Historico-Teologico de la polemica entre Erasmo y Lutero. Panel de la filosofia en las facultades de Teologia. Comentario al n. 15 de "Optatam totius". | |
| 526 | _aSEG42 | ||
| 526 | _aSEG41 | ||
| 526 | _aSEG40 | ||
| 526 | _aSEG39 | ||
| 526 | _aP94 | ||
| 526 | _aP87 | ||
| 526 | _aP86 | ||
| 526 | _aP85 | ||
| 526 | _aP77 | ||
| 526 | _aP76 | ||
| 526 | _aP35 | ||
| 942 |
_2ddc _cBOOK |
||
| 949 |
_a220.669 A49 _wDEWEY _c1 _i36456 _lCCODEBUL1 _mBUL _p00.00 _r0 _sY _tBOOK _u2015-06-25 _xBIBLIOTECA _zUNKNOWN _0COMPRA _o.STAFF. Colección General |
||
| 596 | _a1 | ||
| 999 |
_a220.669 A49 _wDEWEY _c39612 _i36456 _f2021-11-11 _g5 _lCCODEBUL1 _mBUL _r0 _sY _tBOOK _u2015-6-25 _xTEOLOGIA _zUNKNOWN _0COMPRA _o.STAFF. Colección General _d39612 |
||
| 980 |
_81 _gALBERTO SANCHEZ Responsable de Automatización |
||